Uniform fire code / (Record no. 10150)
[ view plain ]
| 000 -LEADER | |
|---|---|
| fixed length control field | 01178nms a2200337 a 4500 |
| 001 - CONTROL NUMBER | |
| JCCL Control Number | 10150 |
| 003 - CONTROL NUMBER IDENTIFIER | |
| JCCL marc code | BD-JhCC |
| 005 - DATE AND TIME OF LATEST TRANSACTION | |
| control field | 20180418185021.0 |
| 008 - FIXED-LENGTH DATA ELEMENTS--GENERAL INFORMATION | |
| fixed length control field | 180418s1973 U u eng d |
| 035 ## - SYSTEM CONTROL NUMBER | |
| system control number | MITb10827212 |
| 035 ## - SYSTEM CONTROL NUMBER | |
| system control number | (BD-JhCC)10150 |
| 040 ## - CATALOGING SOURCE | |
| Original cataloging agency | BD-JhCC |
| Transcribing agency | MYG |
| Modifying agency | BD-JhCC |
| 041 ## - LANGUAGE CODE | |
| Language code of Book | eng |
| 050 14 - LIBRARY OF CONGRESS CALL NUMBER | |
| Classification number | KF3975.Z95 |
| Item number | I58a |
| 082 ## - DEWEY DECIMAL CLASSIFICATION NUMBER | |
| Classification number | 344.730537 |
| Author mark and Year | UNI 1973 |
| 090 ## - LOCALLY ASSIGNED LC-TYPE CALL NUMBER (OCLC); LOCAL CALL NUMBER (OCLC) | |
| Classification number (OCLC) (R) ; Classification number, CALL (RLIN) (NR) | KF3975 |
| Local cutter number (OCLC) ; Book number/undivided call number, CALL (RLIN) | .I58a |
| 110 2# - MAIN ENTRY--CORPORATE NAME | |
| Corporate name or jurisdiction name as entry element | International Fire Code Institute. |
| 240 10 - UNIFORM TITLE | |
| Uniform title | Uniform fire code / |
| 245 10 - TITLE STATEMENT | |
| Title | Uniform fire code / |
| Statement of responsibility, etc | IFIC ... [et al.]. |
| 260 ## - PUBLICATION, DISTRIBUTION, ETC. (IMPRINT) | |
| Place of publication, distribution, etc | California : |
| Name of publisher, distributor, etc | International Conference of Building Officials : |
| -- | Western Fire Chiefs Association, |
| Date of publication, distribution, etc | 1973 |
| 300 ## - PHYSICAL DESCRIPTION | |
| Pagination | 293 p. ; |
| Dimensions | 21 cm. |
| Other physical details | ill. ; |
| 500 ## - GENERAL NOTE | |
| General note | Description based on: 10th ed. (1997); title from disc label. |
| 516 ## - TYPE OF COMPUTER FILE OR DATA NOTE | |
| Type of computer file or data note | Data storage in ISO 9660 format. |
| 650 #0 - SUBJECT ADDED ENTRY--TOPICAL TERM | |
| Topical term or geographic name as entry element | Fire prevention |
| General subdivision | Law and legislation |
| Geographic subdivision | United States. |
| 710 2# - ADDED ENTRY--CORPORATE NAME | |
| Corporate name or jurisdiction name as entry element | International Conference of Building Officials. |
| 710 2# - ADDED ENTRY--CORPORATE NAME | |
| Corporate name or jurisdiction name as entry element | Western Fire Chiefs Association. |
| 776 1# - ADDITIONAL PHYSICAL FORM ENTRY | |
| Main entry heading | International Fire Code Institute. |
| Title | Uniform fire code |
| Record control number | (DLC) 97647586 |
| -- | (OCoLC)30445179 |
| 942 ## - ADDED ENTRY ELEMENTS (KOHA) | |
| Source of classification or shelving scheme | Dewey Decimal Classification |
| Koha item type | Books |
| Source of classification or shelving scheme | Damaged status | Not for loan | Home library | Current library | Shelving location | Date of accession | Source of acquisition | Total Checkouts | Full call number | Barcode | Date last seen | Copy number | Koha item type |
|---|---|---|---|---|---|---|---|---|---|---|---|---|---|
| Dewey Decimal Classification | JCC Rouf Library | JCC Rouf Library | General Stacks | 04/18/2018 | Asia foundation | 344.730537 UNI 1973 | 9296 | 04/18/2018 | C-1 | Books |